000 00602nam a2200181Ia 4500
008 090630s9999 xx 000 0 und d
082 _b23299
100 _aमेंगजी अशोक.
245 _aउजळलेला चंद्रमा.
_cमेंगजी अशोक.
260 _bपार्टनर.
_c2004
300 _a240
600 _aमेंगजी अशोक.
630 _aउजळलेला चंद्रमा.
655 _a---
700 _aमेंगजी अशोक.
730 _aउजळलेला चंद्रमा.
942 _cBOOK
999 _c275155
_d275155